000 01189cam a22003617a 4500
001 000100484
003 CHAP
005 20240513140815.0
008 091026s2007 mx ab r 00010 spa d
010 _a96947
011 _a97919
020 _a968817601X
035 _a108592
040 _cCHAP
082 0 4 _a628.102109725
_bC73
110 2 _aComisión Nacional del Agua. México
_925810
245 1 0 _aEstadísticas del agua en México 2007 :
_bagua del Valle de México y de la Región XIII, organismo de cuenca /
_c/por Comisión Nacional del Agua.
260 _aMéxico, D. F. :
_bCONAGUA,
_c2007.
300 _a146 p. :
_bilus., cuadros, gráfs., mapas + 1 CD (4 3/4 plg.).
590 _aBATCH-UPD
_b10
_c20130110
590 _aBATCH-UPD
_b10
_c20130410
590 _aBATCH-UPD
_b10
_c20130914
590 _aCONVERSION
_b10
_c20130109
590 _aE11695DGD
_b10
_c20150604
590 _aE5765TAJ
_b05
_c20150602
590 _aE5765TAJ
_b05
_c20150602
650 1 4 _aAgua
_xAbastecimiento
_xMexico.
_92249
650 1 4 _aAgua
_xEstadisticas
_zMexico.
_92373
650 1 4 _aRecursos hidraulicos
_xAdministración.
_995090
901 _aBK
942 _cLIBRO
_2ddc
942 _n0
_2ddc
999 _c96947
_d96947